| 000 | 00672nam a2200193 a 4500 | ||
|---|---|---|---|
| 005 | 20251127161119.0 | ||
| 008 | 181012s1981 mx r 000 0 spa d | ||
| 035 | _aUPN01000227213 | ||
| 049 | _aCG | ||
| 050 | 4 |
_aLC155 N5 _bN5.2 |
|
| 245 | 0 | 0 |
_aNicaragua triunfa en la alfabetización : _bdocumentos y testimonios de la Cruzada Nacional de alfabetización / _ccoord. Hugo Assmann. |
| 260 |
_aSan José : _bMinisterio de Educación : _bDEI, _c1981. |
||
| 300 |
_a672 p. : _bil. |
||
| 650 | 4 |
_aAlfabetización (Educación) _zNicaragua _91953 |
|
| 650 | 4 |
_aEducación y Estado _zNIcaragua _927131 |
|
| 700 | 1 |
_aAssmann, Hugo, _dcoord. |
|
| 905 | _aLibro | ||
| 999 |
_c199309 _d199309 |
||